[Event "St Petersburg op"]
[Site "St Petersburg"]
[Date "2003.??.??"]
[Round "3"]
[White "Chepurnoy, Alexey"]
[Black "Melnikov, Dmitry"]
[Result "1/2-1/2"]
[WhiteElo "2157"]
[BlackElo "2263"]
[PlyCount "77"]
[EventDate "2003.??.??"]
[EventType "swiss"]
[EventRounds "9"]
[EventCountry "RUS"]
[SourceTitle "EXT 2005"]
[Source "ChessBase"]
[SourceDate "2004.11.15"]
[SourceVersion "1"]
[SourceVersionDate "2004.11.15"]
[SourceQuality "1"]

1. c4 f5 2. Nc3 Nf6 3. g3 g6 4. Bg2 Bg7 5. e3 0-0 6. Nge2 c6 7. 0-0 e5 8. d4 e4 9. b3 d5 10. cxd5 cxd5 11. Ba3 Rf7 12. Rc1 g5 13. Nb5 Ne8 14. f4 exf3 15. Bxf3 a6 16. Nd6 Nxd6 17. Bxd5 Nc6 18. Nc3 Ne7 19. Bxf7+ Nxf7 20. Bxe7 Qxe7 21. Nd5 Qe6 22. Qf3 Qd6 23. Rc7 g4 24. Qg2 Kf8 25. Rfc1 Bd7 26. Nf4 Bc6 27. d5 Bd7 28. Rxb7 Ng5 29. Rcc7 Rd8 30. Qc2 Ne4 31. Rxd7 Rxd7 32. Qc8+ Ke7 33. Ne6 Nf6 34. Nxg7 Qxd5 35. Rxd7+ Nxd7 36. Qc2 Kf6 37. Nh5+ Kg5 38. Nf4 Qe5 39. Qd2 1/2-1/2